<?xml version="1.0" encoding="UTF-8"?>
<record
    xmlns:xsi="http://www.w3.org/2001/XMLSchema-instance"
    xsi:schemaLocation="http://www.loc.gov/MARC21/slim http://www.loc.gov/standards/marcxml/schema/MARC21slim.xsd"
    xmlns="http://www.loc.gov/MARC21/slim">

  <leader>01507nam a22002897a 4500</leader>
  <controlfield tag="001"> 87783 </controlfield>
  <controlfield tag="003">UA-OsUOA</controlfield>
  <controlfield tag="005">20260507162806.0</controlfield>
  <controlfield tag="007">ta</controlfield>
  <controlfield tag="008">20120925b un ||un ao||| 00| 0 ukr dukr d</controlfield>
  <datafield tag="020" ind1=" " ind2=" ">
    <subfield code="a">5770792256</subfield>
  </datafield>
  <datafield tag="040" ind1=" " ind2=" ">
    <subfield code="a">UA-OsUOA</subfield>
    <subfield code="b">ukr</subfield>
    <subfield code="c">UA-OsUOA</subfield>
    <subfield code="d">UA-OsUOA</subfield>
  </datafield>
  <datafield tag="041" ind1=" " ind2=" ">
    <subfield code="a">ukr</subfield>
  </datafield>
  <datafield tag="080" ind1=" " ind2=" ">
    <subfield code="a">94(560)</subfield>
  </datafield>
  <datafield tag="090" ind1=" " ind2=" ">
    <subfield code="a">94(560)</subfield>
    <subfield code="b">&#x41A;82</subfield>
  </datafield>
  <datafield tag="100" ind1=" " ind2=" ">
    <subfield code="a">&#x41A;&#x440;&#x438;&#x43C;&#x441;&#x44C;&#x43A;&#x438;&#x439; &#x410;.</subfield>
    <subfield code="9">22492</subfield>
  </datafield>
  <datafield tag="110" ind1=" " ind2=" ">
    <subfield code="a">&#x406;&#x43D;&#x441;&#x442;&#x438;&#x442;&#x443;&#x442; &#x441;&#x445;&#x43E;&#x434;&#x43E;&#x437;&#x43D;&#x430;&#x432;&#x441;&#x442;&#x432;&#x430; &#x456;&#x43C;. &#x410;. &#x41A;&#x440;&#x438;&#x43C;&#x441;&#x44C;&#x43A;&#x43E;&#x433;&#x43E; &#x41D;&#x430;&#x446;&#x456;&#x43E;&#x43D;&#x430;&#x43B;&#x44C;&#x43D;&#x43E;&#x457; &#x430;&#x43A;&#x430;&#x434;&#x435;&#x43C;&#x456;&#x457; &#x43D;&#x430;&#x443;&#x43A; &#x423;&#x43A;&#x440;&#x430;&#x457;&#x43D;&#x438;</subfield>
    <subfield code="9">25198</subfield>
  </datafield>
  <datafield tag="245" ind1=" " ind2=" ">
    <subfield code="a">&#x406;&#x441;&#x442;&#x43E;&#x440;&#x456;&#x44F; &#x422;&#x443;&#x440;&#x435;&#x447;&#x447;&#x438;&#x43D;&#x438;</subfield>
    <subfield code="c">&#x432;&#x441;&#x442;&#x443;&#x43F;. &#x441;&#x442;&#x430;&#x442;&#x442;&#x44F; &#x41E;&#x43C;&#x435;&#x43B;&#x44F;&#x43D;&#x430; &#x41F;&#x440;&#x456;&#x446;&#x430;&#x43A;&#x430; </subfield>
  </datafield>
  <datafield tag="260" ind1=" " ind2=" ">
    <subfield code="a">&#x41A;&#x438;&#x457;&#x432;</subfield>
    <subfield code="a">&#x41B;&#x44C;&#x432;&#x456;&#x432;</subfield>
    <subfield code="b">&#x41E;&#x41B;&#x406;&#x420;</subfield>
    <subfield code="c">1996</subfield>
  </datafield>
  <datafield tag="300" ind1=" " ind2=" ">
    <subfield code="a">288 &#x441;.</subfield>
  </datafield>
  <datafield tag="520" ind1=" " ind2=" ">
    <subfield code="a">&#x423; &#x43A;&#x43D;&#x438;&#x437;&#x456; &#x432;&#x438;&#x434;&#x430;&#x442;&#x43D;&#x43E;&#x433;&#x43E; &#x443;&#x43A;&#x440;&#x430;&#x457;&#x43D;&#x441;&#x44C;&#x43A;&#x43E;&#x433;&#x43E; &#x441;&#x445;&#x43E;&#x434;&#x43E;&#x437;&#x43D;&#x430;&#x432;&#x446;&#x44F;, &#x430;&#x43A;&#x430;&#x434;&#x435;&#x43C;&#x456;&#x43A;&#x430; &#x410;&#x433;&#x430;&#x442;&#x430;&#x43D;&#x433;&#x435;&#x43B;&#x430; &#x41A;&#x440;&#x438;&#x43C;&#x441;&#x44C;&#x43A;&#x43E;&#x433;&#x43E; (1871-1942), &#x449;&#x43E; &#x439; &#x43D;&#x438;&#x43D;&#x456; &#x454; &#x437;&#x43D;&#x430;&#x447;&#x43D;&#x438;&#x43C; &#x432;&#x43D;&#x435;&#x441;&#x43A;&#x43E;&#x43C; &#x432; &#x441;&#x445;&#x43E;&#x434;&#x43E;&#x437;&#x43D;&#x430;&#x432;&#x447;&#x443; &#x456;&#x441;&#x442;&#x43E;&#x440;&#x456;&#x43E;&#x433;&#x440;&#x430;&#x444;&#x456;&#x44E;, &#x432;&#x438;&#x441;&#x432;&#x456;&#x442;&#x43B;&#x435;&#x43D;&#x43E; &#x446;&#x456;&#x43A;&#x430;&#x432;&#x456; &#x441;&#x442;&#x43E;&#x440;&#x456;&#x43D;&#x43A;&#x438; &#x456;&#x441;&#x442;&#x43E;&#x440;&#x456;&#x457; &#x41E;&#x441;&#x43C;&#x430;&#x43D;&#x441;&#x44C;&#x43A;&#x43E;&#x457; &#x456;&#x43C;&#x43F;&#x435;&#x440;&#x456;&#x457; XV - XVI &#x441;&#x442;. - &#x434;&#x43E;&#x431;&#x438; &#x457;&#x457; &#x431;&#x43B;&#x438;&#x441;&#x43A;&#x443;&#x447;&#x43E;&#x433;&#x43E; &#x440;&#x43E;&#x437;&#x43A;&#x432;&#x456;&#x442;&#x443;. &#x412; &#x43D;&#x43E;&#x432;&#x435; &#x432;&#x438;&#x434;&#x430;&#x43D;&#x43D;&#x44F; &#x443;&#x432;&#x456;&#x439;&#x448;&#x43E;&#x432; &#x44F;&#x43A; &#x434;&#x43E;&#x434;&#x430;&#x442;&#x43E;&#x43A; &#x440;&#x43E;&#x437;&#x434;&#x456;&#x43B; "&#x404;&#x432;&#x440;&#x43E;&#x43F;&#x435;&#x439;&#x441;&#x44C;&#x43A;&#x456; &#x434;&#x436;&#x435;&#x440;&#x435;&#x43B;&#x430; &#x425;VI &#x432;."</subfield>
  </datafield>
  <datafield tag="650" ind1=" " ind2="7">
    <subfield code="a">94 &#x406;&#x441;&#x442;&#x43E;&#x440;&#x456;&#x44F; &#x437;&#x430;&#x433;&#x430;&#x43B;&#x43E;&#x43C;</subfield>
    <subfield code="2">UDC</subfield>
    <subfield code="9">40</subfield>
  </datafield>
  <datafield tag="700" ind1="1" ind2=" ">
    <subfield code="a">&#x41F;&#x440;&#x456;&#x446;&#x430;&#x43A; &#x41E;.</subfield>
    <subfield code="9">22937</subfield>
  </datafield>
  <datafield tag="942" ind1=" " ind2=" ">
    <subfield code="c">BK</subfield>
    <subfield code="2">udc</subfield>
  </datafield>
  <datafield tag="955" ind1=" " ind2=" ">
    <subfield code="a">1</subfield>
  </datafield>
  <datafield tag="999" ind1=" " ind2=" ">
    <subfield code="c">374084</subfield>
    <subfield code="d">374084</subfield>
  </datafield>
  <datafield tag="952" ind1=" " ind2=" ">
    <subfield code="0">0</subfield>
    <subfield code="1">0</subfield>
    <subfield code="2">udc</subfield>
    <subfield code="4">0</subfield>
    <subfield code="7">0</subfield>
    <subfield code="a">102</subfield>
    <subfield code="b">102</subfield>
    <subfield code="d">2012-09-25</subfield>
    <subfield code="i">90559</subfield>
    <subfield code="l">8</subfield>
    <subfield code="o">94(560) &#x41A;82</subfield>
    <subfield code="p">90559</subfield>
    <subfield code="r">2021-10-13 00:00:00</subfield>
    <subfield code="s">2021-09-22</subfield>
    <subfield code="w">2012-09-25</subfield>
    <subfield code="y">BK</subfield>
  </datafield>
  <datafield tag="952" ind1=" " ind2=" ">
    <subfield code="0">0</subfield>
    <subfield code="1">0</subfield>
    <subfield code="2">udc</subfield>
    <subfield code="4">0</subfield>
    <subfield code="7">0</subfield>
    <subfield code="8">C_ZHULYNSKYI</subfield>
    <subfield code="a">101</subfield>
    <subfield code="b">101</subfield>
    <subfield code="d">2017-08-15</subfield>
    <subfield code="e">32/2017</subfield>
    <subfield code="g">10.00</subfield>
    <subfield code="i">154645</subfield>
    <subfield code="l">0</subfield>
    <subfield code="o">94(560) &#x41A;82</subfield>
    <subfield code="p">154645</subfield>
    <subfield code="r">2022-02-06 00:00:00</subfield>
    <subfield code="w">2017-08-15</subfield>
    <subfield code="y">BK</subfield>
  </datafield>
  <datafield tag="952" ind1=" " ind2=" ">
    <subfield code="0">0</subfield>
    <subfield code="1">0</subfield>
    <subfield code="2">udc</subfield>
    <subfield code="4">0</subfield>
    <subfield code="7">0</subfield>
    <subfield code="a">102</subfield>
    <subfield code="b">102</subfield>
    <subfield code="d">2012-09-25</subfield>
    <subfield code="i">90560</subfield>
    <subfield code="l">0</subfield>
    <subfield code="o">94(560) &#x41A;82</subfield>
    <subfield code="p">90560</subfield>
    <subfield code="r">2023-02-27 00:00:00</subfield>
    <subfield code="w">2012-09-25</subfield>
    <subfield code="y">BK</subfield>
  </datafield>
  <datafield tag="952" ind1=" " ind2=" ">
    <subfield code="0">0</subfield>
    <subfield code="1">0</subfield>
    <subfield code="2">udc</subfield>
    <subfield code="4">0</subfield>
    <subfield code="7">0</subfield>
    <subfield code="8">C_Shevchuk_V.</subfield>
    <subfield code="a">101</subfield>
    <subfield code="b">101</subfield>
    <subfield code="d">2026-05-07</subfield>
    <subfield code="e">&#x410;&#x43A;&#x442; &#x2116;24/28.04.2026</subfield>
    <subfield code="g">25.00</subfield>
    <subfield code="i">169915</subfield>
    <subfield code="l">0</subfield>
    <subfield code="o">94(560) &#x41A;82</subfield>
    <subfield code="p">169915</subfield>
    <subfield code="r">2026-05-07 16:29:48</subfield>
    <subfield code="v">25.00</subfield>
    <subfield code="w">2026-05-07</subfield>
    <subfield code="y">BK</subfield>
  </datafield>
</record>
